A frontharcos [elbeszélés] /

Elmentve itt :
Bibliográfiai részletek
Szerző: Horváth Dezső
Dokumentumtípus: Cikk
Megjelent: 1970-11-07
Sorozat:Délmagyarország 60 No. 262
Kulcsszavak:Katona István, Magyar irodalom novella, forradalmi harcosok, veteránok
Online Access:http://dmarchiv.bibl.u-szeged.hu/72503
LEADER 00512nab a2200157 i 4500
001 delm72503
005 20180928082551.0
008 180928s1970 hu o 0|| hun d
040 |a SZTE Délmagyarország Archívum  |b hun 
041 |a hun 
100 1 |a Horváth Dezső 
245 1 2 |a A frontharcos   |h [elektronikus dokumentum] :  |b [elbeszélés] /  |c  Horváth Dezső 
260 |c 1970-11-07 
300 |a 6 
490 0 |a Délmagyarország  |v 60 No. 262 
695 |a Katona István, Magyar irodalom novella, forradalmi harcosok, veteránok